000 00243nam a2200109Ia 4500
008 240625s9999 xx 000 0 und d
041 _aeng
082 _a428.2 FOL
100 _aFOLEY BARBARA H
245 _aENGLISH IN ACTION 3
260 _c2003
999 _c34146
_d34146